00275 a2200109 4500020001500000082001800015100002100033245004600054260003100100300002400131650001000155 a9698373012 a297.12262 IQB aIqbal S. Hussain aThe Quran and ModernismcIqbal S. Hussain aLahore :bAdabistan,c2000 axix, 473p. :c22 cm aIslam